Größten drei Gemeinden jedes Bezirks Österreichs - Statistiken

Allgemein
  • Dieses Quiz wurde 308 mal gespielt
    216 seit der letzten Aktualisierung
  • Das Durchschnittsergebnis liegt bei 101 aus 237
Antwortstatistiken
Bezirk # Einwohner Gemeinde % Korrekt
Amstetten 1 23.569 Amstetten
85%
Baden 1 25.817 Baden
84%
Braunau am Inn 1 17.438 Braunau am Inn
83%
Bludenz 1 14.961 Bludenz
81%
Bregenz 1 29.534 Bregenz
81%
Bruck an der Leitha 2 8.153 Bruck an der Leitha
81%
Bruck-Mürzzuschlag 2 15.650 Bruck an der Mur
81%
Gmünd 2 5.238 Gmünd
80%
Feldkirch 1 34.538 Feldkirch
79%
Gmunden 2 13.203 Gmunden
79%
Dornbirn 1 50.257 Dornbirn
78%
Eferding 2 4.276 Eferding
78%
Freistadt 1 7.959 Freistadt
78%
Deutschlandsberg 1 11.623 Deutschlandsberg
77%
Innsbruck-Land 2 14.243 Hall in Tirol
77%
St. Johann im Pongau 1 11.331 St. Johann im Pongau
77%
Kitzbühel 1 9.663 St. Johann in Tirol
77%
Gänserndorf 1 11.832 Gänserndorf
76%
Hallein 1 21.353 Hallein
76%
Hollabrunn 1 11.944 Hollabrunn
76%
Leoben 1 24.189 Leoben
76%
Mödling 1 20.559 Mödling
76%
Perg 1 8.802 Perg
76%
Ried im Innkreis 1 12.209 Ried im Innkreis
76%
Güssing 1 3.665 Güssing
75%
Hartberg-Fürstenfeld 2 6.794 Hartberg
75%
Hermagor 1 6.915 Hermagor-Pressegger See
75%
Horn 1 6.409 Horn
75%
Imst 1 10.882 Imst
75%
Jennersdorf 1 4.121 Jennersdorf
75%
Mattersburg 1 7.538 Mattersburg
75%
Melk 1 5.596 Melk
75%
Neusiedl am See 1 8.643 Neusiedl am See
75%
Oberpullendorf 1 3.265 Oberpullendorf
75%
Reutte 1 6.989 Reutte
75%
Urfahr-Umgebung 3 5.361 Feldkirchen an der Donau
74%
Feldkirchen 1 14.289 Feldkirchen in Kärnten
74%
Kufstein 1 19.512 Kufstein
74%
Mistelbach 1 11.592 Mistelbach
74%
Murau 2 3.467 Murau
74%
Oberwart 1 7.662 Oberwart
74%
Lienz 1 11.935 Lienz
73%
Schärding 1 5.216 Schärding
73%
Kitzbühel 2 8.239 Kitzbühel
72%
Landeck 1 7.686 Landeck
72%
Neunkirchen 2 12.620 Neunkirchen
72%
Vöcklabruck 1 12.445 Vöcklabruck
72%
Weiz 1 11.756 Weiz
72%
Hartberg-Fürstenfeld 1 8.655 Fürstenfeld
71%
Korneuburg 2 13.334 Korneuburg
71%
Rohrbach 1 5.182 Rohrbach-Berg
71%
Schwaz 1 13.810 Schwaz
71%
Tulln 2 16.380 Tulln an der Donau
71%
Leibnitz 1 12.544 Leibnitz
70%
Liezen 1 8.196 Liezen
70%
Spittal an der Drau 1 15.151 Spittal an der Drau
70%
St. Veit an der Glan 1 12.184 St. Veit an der Glan
70%
Lilienfeld 1 3.848 St. Veit an der Gölsen
70%
Tamsweg 1 5.661 Tamsweg
70%
Voitsberg 2 9.391 Voitsberg
70%
Zell am See 2 10.131 Zell am See
70%
Grieskirchen 1 4.984 Grieskirchen
69%
Scheibbs 3 4.122 Scheibbs
69%
Zwettl 1 10.723 Zwettl
69%
Waidhofen an der Thaya 1 5.289 Waidhofen an der Thaya
68%
Wolfsberg 1 25.031 Wolfsberg
68%
Völkermarkt 1 10.866 Völkermarkt
66%
Linz-Land 2 24.828 Traun
65%
Bruck-Mürzzuschlag 1 22.380 Kapfenberg
63%
Dornbirn 2 23.476 Lustenau
62%
Tulln 1 27.588 Klosterneuburg
61%
Linz-Land 1 28.938 Leonding
61%
Bruck an der Leitha 1 20.375 Schwechat
61%
Dornbirn 3 16.769 Hohenems
60%
Murtal 2 9.631 Judenburg
60%
Bruck-Mürzzuschlag 3 8.227 Mürzzuschlag
58%
Baden 2 18.774 Traiskirchen
58%
Murtal 1 12.574 Knittelfeld
56%
Liezen 2 6.576 Schladming
55%
Kufstein 2 14.179 Wörgl
55%
Gmunden 1 14.109 Bad Ischl
53%
Zell am See 1 16.790 Saalfelden am Steinernen Meer
53%
St. Johann im Pongau 2 10.544 Bischofshofen
52%
Südoststeiermark 1 13.371 Feldbach
52%
Amstetten 2 9.320 St. Valentin
52%
Neunkirchen 1 14.640 Ternitz
52%
Linz-Land 3 17.433 Ansfelden
51%
Baden 3 12.312 Bad Vöslau
51%
Korneuburg 1 16.789 Stockerau
51%
Innsbruck-Land 1 16.091 Telfs
48%
Neunkirchen 3 5.815 Gloggnitz
47%
Amstetten 3 5.656 Haag
47%
Bregenz 2 13.591 Hard
47%
Neusiedl am See 2 5.062 Parndorf
47%
Leibnitz 3 6.330 Straß in Steiermark
47%
Salzburg-Umgebung 1 13.575 Wals-Siezenheim
47%
Weiz 2 11.072 Gleisdorf
46%
Braunau am Inn 2 7.098 Mattighofen
46%
Oberwart 2 5.882 Pinkafeld
45%
Mistelbach 3 6.246 Laa an der Thaya
44%
Salzburg-Umgebung 2 11.001 Seekirchen am Wallersee
43%
Melk 2 5.565 Ybbs an der Donau
43%
Voitsberg 1 9.689 Köflach
42%
Villach-Land 2 9.105 Velden am Wörther See
42%
Landeck 2 3.459 Zams
42%
Tulln 3 7.899 St. Andrä-Wördern
41%
Vöcklabruck 2 9.101 Attnang-Puchheim
40%
Feldkirch 3 11.768 Götzis
40%
Bregenz 3 10.364 Lauterach
40%
Wolfsberg 2 9.850 St. Andrä
40%
Mödling 3 12.024 Brunn am Gebirge
39%
Wels-Land 1 14.334 Marchtrenk
39%
Murau 1 4.876 Neumarkt in der Steiermark
39%
Feldkirch 2 12.026 Rankweil
39%
Leoben 2 10.994 Trofaiach
39%
Klagenfurt-Land 2 7.206 Ferlach
38%
Lienz 2 4.633 Matrei in Osttirol
38%
Lilienfeld 3 3.457 Traisen
38%
Graz-Umgebung 3 8.147 Gratkorn
37%
Mödling 2 14.978 Perchtoldsdorf
37%
Graz-Umgebung 2 11.633 Seiersberg-Pirka
37%
Horn 2 3.472 Gars am Kamp
36%
Hermagor 2 3.321 Kötschach-Mauthen
36%
Perg 3 4.946 Mauthausen
36%
Gmünd 1 5.356 Schrems
36%
Gänserndorf 3 11.085 Strasshof an der Nordbahn
36%
Scheibbs 2 4.408 Wieselburg
36%
St. Pölten-Land 1 9.890 Purkersdorf
34%
Hollabrunn 2 4.240 Retz
34%
Urfahr-Umgebung 2 6.625 Gallneukirchen
33%
Gänserndorf 2 11.740 Groß-Enzersdorf
33%
Krems-Land 1 7.469 Langenlois
33%
Tamsweg 2 3.489 St. Michael im Lungau
33%
Mistelbach 2 7.342 Wolkersdorf im Weinviertel
33%
Mattersburg 2 4.788 Neudörfl
32%
Melk 3 3.944 Pöchlarn
32%
Innsbruck-Land 3 9.311 Rum
32%
Steyr-Land 1 9.413 Sierning
32%
Eferding 1 6.068 Alkoven
31%
Korneuburg 3 11.666 Gerasdorf bei Wien
31%
St. Pölten-Land 3 7.823 Herzogenburg
31%
Schwaz 2 7.175 Jenbach
31%
Hallein 2 7.384 Kuchl
31%
Zell am See 3 5.575 Mittersill
31%
St. Pölten-Land 2 8.345 Neulengbach
31%
Liezen 3 5.111 Rottenmann
31%
Jennersdorf 3 1.965 St. Martin an der Raab
31%
Rohrbach 2 3.776 St. Martin im Mühlkreis
31%
Südoststeiermark 2 7.167 Fehring
30%
St. Veit an der Glan 2 4.875 Friesach
30%
Graz-Umgebung 1 12.759 Gratwein-Straßengel
30%
Kirchdorf an der Krems 1 6.648 Kremsmünster
30%
Eisenstadt-Umgebung 1 3.587 Neufeld an der Leitha
30%
Salzburg-Umgebung 3 7.753 Straßwalchen
30%
Krems-Land 3 3.482 Mautern an der Donau
29%
Freistadt 2 5.546 Pregarten
29%
Hallein 3 5.894 Abtenau
28%
Villach-Land 3 7.039 Arnoldstein
28%
Lilienfeld 2 3.756 Hainfeld
28%
Kirchdorf an der Krems 2 5.905 Micheldorf in Oberösterreich
28%
Grieskirchen 3 4.209 Bad Schallerbach
27%
Steyr-Land 2 6.603 Garsten
27%
Rohrbach 3 3.219 Aigen-Schlägl
26%
Braunau am Inn 3 4.989 Altheim
26%
Leoben 3 3.742 Eisenerz
26%
Gmünd 3 3.882 Heidenreichstein
26%
Murau 3 2.950 Oberwölz
26%
Bludenz 2 6.205 Nenzing
25%
Perg 2 5.338 Schwertberg
25%
Deutschlandsberg 2 8.688 Stainz
25%
Murtal 3 7.611 Fohnsdorf
24%
Schärding 2 5.203 Andorf
23%
Voitsberg 3 5.722 Bärnbach
23%
Deutschlandsberg 3 6.373 Eibiswald
23%
Zwettl 2 4.436 Groß-Gerungs
23%
Gmunden 3 9.865 Altmünster
22%
St. Johann im Pongau 3 6.816 Bad Hofgastein
22%
Horn 3 3.465 Eggenburg
22%
Reutte 2 2.593 Ehrwald
22%
Krems-Land 2 3.767 Gföhl
22%
Spittal an der Drau 3 5.769 Radenthein
22%
Steyr-Land 3 5.592 Bad Hall
21%
Urfahr-Umgebung 1 8.859 Engerwitzdorf
21%
Kirchdorf an der Krems 3 5.336 Pettenbach
21%
Grieskirchen 2 4.661 Peuerbach
21%
Scheibbs 1 5.380 Purgstall an der Erlauf
21%
Völkermarkt 3 4.550 St. Kanzian am Klopeiner See
21%
Neusiedl am See 3 3.944 Gols
20%
Bruck an der Leitha 3 7.569 Himberg
20%
Bludenz 3 4.963 Nüziders
20%
St. Veit an der Glan 3 4.692 Althofen
19%
Villach-Land 1 9.144 Finkenstein am Faaker See
19%
Wels-Land 2 6.343 Gunskirchen
19%
Wiener Neustadt-Land 1 5.231 Sollenau
19%
Wels-Land 3 5.564 Thalheim bei Wels
19%
Schärding 3 3.138 St. Florian am Inn
18%
Leibnitz 2 6.349 Wagna
18%
Eferding 3 4.042 Hartkirchen
17%
Imst 2 4.780 Längenfeld
17%
Lienz 3 3.403 Nußdorf-Debant
17%
Spittal an der Drau 2 6.585 Seeboden am Millstätter See
17%
Kufstein 3 5.871 Kirchbichl
16%
Vöcklabruck 3 6.774 Regau
16%
Wolfsberg 3 4.324 Bad St. Leonhard im Lavanttal
15%
Klagenfurt-Land 1 8.107 Ebenthal in Kärnten
15%
Ried im Innkreis 2 3.457 Eberschwang
15%
Ried im Innkreis 3 3.084 Aurolzmünster
14%
Waidhofen an der Thaya 2 2.710 Groß-Siegharts
14%
Eisenstadt-Umgebung 2 3.176 Hornstein
14%
Güssing 2 2.688 Stegersbach
14%
Waidhofen an der Thaya 3 2.649 Vitis
14%
Schwaz 3 5.283 Vomp
14%
Freistadt 3 4.361 Wartberg ob der Aist
14%
Kitzbühel 3 5.650 Hopfgarten im Brixental
13%
Feldkirchen 2 3.756 Steindorf am Ossiacher See
13%
Wiener Neustadt-Land 3 4.732 Wöllersdorf-Steinabrückl
13%
Völkermarkt 2 5.843 Eberndorf
12%
Imst 3 4.770 Haiming
12%
Tamsweg 3 2.389 Mariapfarr
12%
Hartberg-Fürstenfeld 3 5.942 Pöllau
12%
Südoststeiermark 3 5.977 Gnas
11%
Jennersdorf 2 2.144 Rudersdorf
11%
Hermagor 3 2.524 Kirchbach
10%
Güssing 3 2.009 Kukmirn
10%
Eisenstadt-Umgebung 3 3.118 Siegendorf
10%
Oberpullendorf 2 3.114 Deutschkreutz
9%
Wiener Neustadt-Land 2 5.052 Eggendorf
9%
Oberwart 3 3.549 Großpetersdorf
8%
Feldkirchen 3 2.297 Himmelberg
8%
Oberpullendorf 3 2.016 Lockenhaus
8%
Weiz 3 5.428 St. Ruprecht an der Raab
8%
Hollabrunn 3 3.345 Ziersdorf
7%
Mattersburg 3 2.996 Pöttsching
6%
Zwettl 3 2.024 Schweiggers
5%
Landeck 3 3.094 Fließ
3%
Reutte 3 2.081 Lechaschau
3%
Klagenfurt-Land 3 4.463 Moosburg
3%
Keine übereinstimmenden Quizze gefunden
Verteilung der Resultate
Anzahl Personen mit jedem Resultat
Perzentil nach korrekt beantworteten Fragen
Ihre Resultats-Entwicklung
Sie haben dieses Quiz seit der letzten Aktualisierung nicht gespielt